000 00606nam a2200169 a 4500
001 000002223
005 20200929150156.0
008 090701s1996 dr a 000 0 spa d
040 _aDO-SdBNP
_bspa
_cBNPHU
100 1 _aBarrios, Eduardo M.
_cS. J.
_97103
245 1 0 _aDoce horas santas /
_cEduardo M. Barrios.
260 _aSanto Domingo :
_bSecretariado Nacional del Apostolado de la Oración,
_c1996.
300 _a80 p. :
_bil. ;
_c22 cm.
500 _aIncluye índice
500 _aIncluye notas al pie de las paginas
710 1 _aSecretariado Nacional del Apostolado de la Oración (Santo Domingo)
_97104
999 _c2071
_d2071